Pretparken van Nederland & België - Statistieken

Algemene statistieken
  • Deze quiz is 20 keer genomen
  • De gemiddelde score is 8 van 17
Antwoordstatistieken
Hint Antwoord % Correct
Noord-Brabant Efteling
94%
Zuid-Holland Duinrell
75%
Antwerpen Bobbejaanland
69%
West-Vlaanderen Plopsaland De Panne
63%
Limburg (Ne) Toverland
63%
Waals-Brabant Walibi Belgium
63%
Overijssel Attractiepark Slagharen
50%
West-Vlaanderen Bellewaerde
50%
Flevoland Walibi Holland
50%
Drenthe Plopsa Indoor Coevorden
44%
Limburg (Be) Plopsa Indoor Hasselt
44%
Overijssel Avonturenpark Hellendoorn
38%
Zuid-Holland Drievliet
38%
Luik Plopsa Coo
31%
Gelderland Julianatoren
25%
West-Vlaanderen Boudewijn Seapark
13%
Gelderland Bommelwereld
0%
Geen overeenkomende quizzen gevonden
Scoreverdeling
Procent van Mensen met Elke Score
Percentiel versus Aantal Correcte Antwoorden
Uw Scoregeschiedenis
U heeft deze quiz nog niet genomen